Gestão estratégica do conhecimento : (Record no. 930)

MARC details
000 -LÍDER
Campo Fixo de Controle 01024nam a2200277 a 4500
001 - NÚMERO DE CONTROLE
Campo de Controle 930
003 - IDENTIFICAÇÃO DO NÚMERO DE CONTROLE
Campo de Controle BR-CuiBMT
005 - DATA E HORA DA ÚLTIMA ATUALIZAÇÃO
Campo de Controle 20231123200204.0
008 - DADOS FIXOS
Dados Fixos 231122s2001 spba 000 0 por d
020 ## - INTERNATIONAL STANDARD BOOK NUMBER
Nº do ISBN 9788522429097
040 ## - AGÊNCIA CATALOGADORA
Código da Agência Catalogadora BR-CuiBMT
Agência que transcreveu o registro BR-CuiBMT
080 ## - Nº DA CLASSIFICAÇÃO DECIMAL UNIVERSAL
Nº edição CDU 2007
Nº Class. CDU 658:001.101
090 ## - NÚMERO DE CHAMADA
Nº classificação 658:001.101
Cutter G393
245 00 - TÍTULO PRINCIPAL
Título principal Gestão estratégica do conhecimento :
Subtítulo integrando aprendizagem, conhecimento e competências /
Indicação de responsabilidade Maria Tereza Leme Fleury, Moacir de Miranda Oliveira Jr., (organizadores) ; Afonso Fleury ... [et al., autores].
260 ## - PUBLICAÇÃO, DISTRIBUIÇÃO, ETC.
Local de publicação São Paulo :
Editora Atlas,
Data 2001.
300 ## - DESCRIÇÃO FÍSICA
N. páginas ou volumes 349 p. :
Ilustrações il. ;
Dimensões 24 cm
500 ## - NOTAS GERAIS
Notas gerais Vários autores.
504 ## - NOTA DE BIBLIOGRAFIA, ETC.
Nota de bibliografia Inclui bibliografia.
590 ## - NOTA LOCAL
Nota local A biblioteca possui 7. reimpr. 2011.
650 ## - ASSUNTO TÓPICO
Cabeçalho tópico ou nome geográfico Gestão do conhecimento
650 ## - ASSUNTO TÓPICO
Cabeçalho tópico ou nome geográfico Administração de empresas
Subdivisão geral Planejamento estratégico
700 1# - ENTRADA SECUNDÁRIA -- NOME PESSOAL
Nome pessoal Fleury, Maria Tereza Leme
Cód. do termo explicativo org.
700 1# - ENTRADA SECUNDÁRIA -- NOME PESSOAL
Nome pessoal Oliveira Jr., Moacir de Miranda
Cód. do termo explicativo org.
700 1# - ENTRADA SECUNDÁRIA -- NOME PESSOAL
Nome pessoal Fleury, Afonso
Termo de relação et al.
-- autores
942 ## - ELEMENTOS DE ENTRADA ADICIONAIS (KOHA)
Fonte de classificação ou esquema de arquivamento Classificação Decimal Universal
Tipo de item do Koha Livros
Holdings
Estado: removido Estado: perdido Fonte de classificação ou esquema de arquivamento Estado: danificado Indisponível para empréstimo Localização permanente Localização atual Data de aquisição Total Checkouts Número de Chamada completo Código de barras Date last seen Número do exemplar Preço efetivo a partir de Tipo de item (Koha) Nota pública
    Classificação Decimal Universal     Biblioteca da Escola Superior de Contas do TCE/MT Biblioteca da Escola Superior de Contas do TCE/MT 23/11/2023   658:001.101 G393 BIBTCEMT23110968 23/11/2023 Ex. 1 23/11/2023 Livros 7. reimpr. 2011
    Classificação Decimal Universal     Biblioteca da Escola Superior de Contas do TCE/MT Biblioteca da Escola Superior de Contas do TCE/MT 27/11/2023   658:001.101 G393 BIBTCEMT23111144 27/11/2023 Ex. 2 27/11/2023 Livros 7. reimpr. 2011
    Classificação Decimal Universal     Biblioteca da Escola Superior de Contas do TCE/MT Biblioteca da Escola Superior de Contas do TCE/MT 27/11/2023   658:001.101 G393 BIBTCEMT23111145 27/11/2023 Ex. 3 27/11/2023 Livros 7. reimpr. 2011
    Classificação Decimal Universal     Biblioteca da Escola Superior de Contas do TCE/MT Biblioteca da Escola Superior de Contas do TCE/MT 27/11/2023   658:001.101 G393 BIBTCEMT23111146 27/11/2023 Ex. 4 27/11/2023 Livros 7. reimpr. 2011

Powered by Koha